• 首页
  • 本馆介绍
  • 公告通知
  • 最新文献
  • 馆藏检索
  • 电子资源
  • 读者导购
  • 参考咨询
  • 我的图书馆
  • 登录
  • 详细信息显示
  • 放入我的书架
  • 预约/预借图书
  • 作者相关作品
  • 分类相关作品
  • 丛书相关作品
  • 出版社相关作品

书目信息

  • 表格格式
  • 工作单格式
  • 卡片格式
题名:
诸神黄昏
    
 
作者: 流年 著
分册:  
出版信息: 北京   北京时代华文书局  2022.09
页数: 77页
开本: 26cm
丛书名: 直笔体育百科系列
单 册:
中图分类: K815.47=6
科图分类:
主题词: 足球运动--zu qiu yun dong--优秀运动员--列传--世界--现代
电子资源:
ISBN: 978-7-5699-4596-6
000 01773nam 2200289 450
001 CAL 012022046549
005 20230217093113.0
010    @a978-7-5699-4596-6@dCNY39.90
100    @a20221104d2022 em y0chiy0120 ea
101 0  @achi
102    @aCN@b110000
105    @aa z 000yc
106    @ar
200 1  @a诸神黄昏@Azhu shen huang hun@d= The last Dance@f流年著@zeng
210    @a北京@c北京时代华文书局@d2022.09
215    @a77页@c彩图@d26cm
225 2  @a直笔体育百科系列@Azhi bi ti yu bai ke xi lie
300    @a2022 谢幕 典藏版
330    @a2022年卡塔尔世界杯。注定将是一个新时代的开始, 也注定将是一个旧时代的终结。被终结的, 是一个诸神并立的黄金时代。自从足球这项运动诞生以来, 还没有哪个时代能像这个时代般神性熠熠生辉, 神光普照大地, 神迹降临绿茵。神, 那些“足球之神”。c罗, 梅西, 本泽马, 莱万多夫斯基, 内马尔, 伊布拉希莫维奇, 贝尔, 莫德里奇, 路易斯·苏亚雷斯, 诺伊尔, 托马斯·穆勒……我们看着他们从十八九岁的毛头小伙, 一步步地打怪升级, “修炼成仙”, 迈入职业生涯的巅峰, 最终成为足球世界的主宰。我们亲眼见证了他们长达十余载的“封神之路”, 所以, 他们不像贝利、马拉多纳、克鲁伊夫那样是“高高在上的神”, 而是我们最为熟悉和亲切的“足球之神”。然而, 我们赞叹、称颂、顶礼膜拜的这个“众神降临”的时代, 快要结束了。岁月如歌, 岁月又最是无情。不知不觉间, c罗37岁了, 莫德里奇37岁了, 梅西35岁了, 本泽马34岁了, 甚至伊布拉希莫维奇都已经40岁了, 连“年轻”的内马尔, 都已过而立之年。年华老去, 这是足球之神也无法阻挡的命运, 无可奈何。诸神的黄昏, 2022卡塔尔世界杯上, 它不期而至。
410  0 @12001 @a直笔体育百科系列
510 1  @aLast Dance@zeng
606 0  @a足球运动@Azu qiu yun dong@x优秀运动员@x列传@y世界@z现代
690    @aK815.47=6@v5
701  0 @a流年@Aliu nian@4著
801  0 @aCN@bBJXHZP@c20230228
905    @b1386272-5@dK815.47=6@e183@f4
906    @aRTGM
    
    诸神黄昏= The last Dance/流年著.-北京:北京时代华文书局,2022.09
    77页:彩图;26cm.-(直笔体育百科系列)
    2022 谢幕 典藏版
    
    ISBN 978-7-5699-4596-6:CNY39.90
    2022年卡塔尔世界杯。注定将是一个新时代的开始, 也注定将是一个旧时代的终结。被终结的, 是一个诸神并立的黄金时代。自从足球这项运动诞生以来, 还没有哪个时代能像这个时代般神性熠熠生辉, 神光普照大地, 神迹降临绿茵。神, 那些“足球之神”。c罗, 梅西, 本泽马, 莱万多夫斯基, 内马尔, 伊布拉希莫维奇, 贝尔, 莫德里奇, 路易斯·苏亚雷斯, 诺伊尔, 托马斯·穆勒……我们看着他们从十八九岁的毛头小伙, 一步步地打怪升级, “修炼成仙”, 迈入职业生涯的巅峰, 最终成为足球世界的主宰。我们亲眼见证了他们长达十余载的“封神之路”, 所以, 他们不像贝利、马拉多纳、克鲁伊夫那样是“高高在上的神”, 而是我们最为熟悉和亲切的“足球之神”。然而, 我们赞叹、称颂、顶礼膜拜的这个“众神降临”的时代, 快要结束了。岁月如歌, 岁月又最是无情。不知不觉间, c罗37岁了, 莫德里奇37岁了, 梅西35岁了, 本泽马34岁了, 甚至伊布拉希莫维奇都已经40岁了, 连“年轻”的内马尔, 都已过而立之年。年华老去, 这是足球之神也无法阻挡的命运, 无可奈何。诸神的黄昏, 2022卡塔尔世界杯上, 它不期而至。
●
相关链接 在E读中查询图书 在五车中查询图书 在当当中查询图书 在豆瓣中查询图书


正题名:诸神黄昏     索取号:K815.47=6/183         预约/预借

序号 登录号 条形码 馆藏地/架位号 状态 备注
1 1386272   213862729   第二样本阅览室/ [索取号:K815.47=6/183] 在馆    
2 1386273   213862738   第二借阅区/ [索取号:K815.47=6/183] 在馆    
3 1386274   213862747   第二借阅区/ [索取号:K815.47=6/183] 在馆    
4 1386275   213862756   第二借阅区/ [索取号:K815.47=6/183] 在馆    
唐山师范学院图书馆 欢迎您!
大连网信软件有限公司© 版权所有